000 00426nam a2200169Ia 4500
008 230524s9999 xx 000 0 und d
020 _a9789381141441
082 _bKAN
100 _aS.Kanthimathinathan
_942921
245 0 _aManual for Detailing of Steel Structures
250 _a1
260 _aNew Delhi
_bI.K.International
_c2013
300 _a264p;
500 _aQuantity Number: 1
650 _aCivil
942 _cBK
999 _c57888
_d57888